| 000 | 00598nam a2200193Ia 4500 | ||
|---|---|---|---|
| 003 | GCL | ||
| 008 | 140319s9999 xx 000 0 eng d | ||
| 020 | _a0195216040 | ||
| 040 |
_aGCL / _cGCL |
||
| 082 | 0 | 4 |
_a338.9 _bG O |
| 100 | 1 | _aGRANZOW, SANDRA | |
| 245 | 1 | 0 |
_aOUR DREAM : _bA WORLD FREE OF POVERTY / _cGRANZOW, SANDRA |
| 260 |
_aنيويورك : _bTHE WORLD BANK ، _c1997 |
||
| 300 |
_a24 CM ؛ _c206 P |
||
| 650 | 0 | 4 | _aECONOMIC DEVELOPMENT |
| 650 | 0 | 4 | _aECONOMIC ASSISTANCE - DEVELOPING COUNTRIES - CASE STUDIES |
| 650 | 0 | 4 | _aTECHNICAL ASSISTANCE - DEVELOPING COUNTRIES |
| 942 |
_2ddc _cBK |
||
| 999 |
_c1601 _d1601 |
||